000
00246nam a2200097Ia 4500
008
240331s9999 xx 000 0 und d
082
_b
NUH
100
_a
Nuhman, M.A
245
0
_a
Bharathiyin mozhich chintahnaigal :
_b
oru mozhiyiyal nokku
942
_c
L
999
_c
3677
_d
3677